000 01478nam0a2200325 4500
001 RU\NLR\BIBL_A\022595589
005 20260420051559.0
010 _a978-5-6050745-0-2
_9300
021 _aRU
_bКН-П-25-033960
_9КН-П-25-3355
035 _a(NLR Aleph) 022595589
090 _a13680205
_c13680205
100 _a20250804d2025 u y0rusy50 ca
101 0 _arus
102 _aRU
105 _ac z 010zb
181 0 _ai3
_baxxe
182 0 _an
200 1 _aВиват, Виктор!
_eпосвящается 100-летию со дня рождения В. Г. Куценко
_fЛ. Б. Куценко-Барскова
203 _aТекст
_bвизуальный
_cнепосредственный
210 _aСанкт-Петербург
_cСеверная звезда
_d2025
215 _a164 с., [4] л. ил., портр.
_cпортр.
_d20
320 _aБиблиогр.: с. 11 (6 назв.) и в тексте
600 1 _aКуценко
_bВ.Г.
_f1925 - 2003
_gВиктор Григорьевич
_jВоспоминания, записки и т.п
_92390538
_3RU\NLR\AUTH\661425643
686 1 _aЧ33(2)7-8Куценко
700 1 _7ca
_8rus
_aКуценко-Барскова
_bЛ. Б.
_f1958-
_gЛидия Борисовна
_9125876
_3RU\NLR\AUTH\7716236
702 1 _aКуценко
_bВ. Г.
_f1925-2003
_gВиктор Григорьевич
_4280
942 _cBOOK
980 _aNB